Brown bast and nutrition: A case study (Record no. 48401)

MARC details
000 -LEADER
fixed length control field 00428nam a2200169Ia 4500
100 ## - MAIN ENTRY--AUTHOR NAME
Personal name Pushpadas M.V.
245 #0 - TITLE STATEMENT
Title Brown bast and nutrition: A case study
260 ## - PUBLICATION, DISTRIBUTION, ETC. (IMPRINT)
Name of publisher Rubber Board Bulletin
Year of publication 1975
300 ## - PHYSICAL DESCRIPTION
Number of Pages 83-88
650 ## - SUBJECT ADDED ENTRY--TOPICAL TERM
Topical Term Brown bast
650 ## - SUBJECT ADDED ENTRY--TOPICAL TERM
Topical Term Nutrition
700 ## - ADDED ENTRY--PERSONAL NAME
Personal name Karthikakuttyamma M.
700 ## - ADDED ENTRY--PERSONAL NAME
Personal name Krishnakumari M.
700 ## - ADDED ENTRY--PERSONAL NAME
Personal name Nair K.K.
942 ## - ADDED ENTRY ELEMENTS (KOHA)
Koha item type Bibliography STAF
Holdings
Withdrawn status Lost status Damaged status Not for loan Home library Current library Shelving location Date acquired Serial Enumeration / chronology Koha item type
      Bibliography RRII Library RRII Library Agronomy 09/04/2014 Volume 12, Issue Bibliography STAF